000 00434nam a2200193Ia 4500
005 20240823041139.0
008 240823s9999||||xx |||||||||||||| ||und||
020 _a978-81-8357-270-5
041 _aENGLISH
082 _A822.914
100 _aSen S.
245 0 _aLook Back in Anger
250 _alatest
260 _bUnique Publi
500 _aYES
650 _alook back in anger
_bGeneral
942 _cBK
999 _c204799
_d204799